|
|
|
|
| LEADER |
00000nas a2200000 a 4500 |
| 001 |
ssj0029963 |
| 003 |
WaSeSS |
| 005 |
20200512172242.0 |
| 006 |
m d |
| 007 |
cr n |
| 008 |
011228c19uu9999dcuwr p sr f0 a0eng c |
| 010 |
|
|
|a 2004230164
|
| 022 |
|
|
|a 2332-1601
|y 0162-2951
|
| 035 |
|
|
|a (WaSeSS)ssj0029963
|
| 040 |
|
|
|a BKL
|b eng
|c BKL
|d OCLCQ
|d GPO
|d OCLCQ
|d NYDWH
|d GPO
|d OCLCQ
|d GPO
|d DLC
|d OCLCF
|d OCL
|d COO
|d OCLCQ
|d GILDS
|d OCLCO
|d WaSeSS
|
| 042 |
|
|
|a pcc
|a nsdp
|
| 043 |
|
|
|a n-us---
|
| 050 |
|
4 |
|a JF37
|b .U5
|
| 074 |
|
|
|a 0856-A-05 (online)
|
| 082 |
0 |
0 |
|a 320
|2 23
|
| 086 |
0 |
|
|a PREX 3.11/2:
|
| 130 |
0 |
|
|a Chiefs of State and Cabinet members of foreign governments (Online)
|
| 222 |
|
0 |
|a Chiefs of State and Cabinet members of foreign governments
|b (Online)
|
| 245 |
1 |
0 |
|a Chiefs of State and Cabinet members of foreign governments
|h [electronic resource].
|
| 246 |
1 |
|
|i Issues for <DI CS 2003-08 (Aug. 2003)>-DI CS 2013-8 (Aug. 2013) have title:
|a Chiefs of State & Cabinet members of foreign governments, a directory
|
| 246 |
1 |
|
|a Chiefs of State & Cabinet members of foreign governments
|
| 260 |
|
|
|a [Washington, D.C.] :
|b CIA Directorate of Intelligence
|
| 310 |
|
|
|a Weekly
|
| 321 |
|
|
|a Monthly
|
| 506 |
|
|
|a License restrictions may limit access.
|
| 515 |
|
|
|a Numbering ceased with Sept. 2013.
|
| 515 |
|
|
|a PDF of directory archived monthly.
|
| 538 |
|
|
|a Mode of access: Internet at the CIA web site. Address as of 1/22/04: http://www.cia.gov/cia/publications/chiefs/pdf%5Fversion.html; current access available via PURL.
|
| 580 |
|
|
|a Beginning with Jan. 2001?, issued in online format only.
|
| 588 |
|
|
|a Description based on: DI CS 2002-01 (Jan. 2002); title from title screen (viewed Jan. 22, 2004).
|
| 588 |
|
|
|a Latest issue consulted: Nov. 2013 (GPO website, viewed Nov. 15, 2013).
|
| 650 |
|
0 |
|a Heads of state
|v Registers.
|
| 650 |
|
0 |
|a Cabinet officers
|v Registers.
|
| 650 |
|
7 |
|a Cabinet officers.
|2 fast
|0 (OCoLC)fst00843535
|
| 650 |
|
7 |
|a Heads of state.
|2 fast
|0 (OCoLC)fst00952677
|
| 650 |
1 |
7 |
|a CABINET OFFICERS.
|2 unbist
|
| 650 |
1 |
7 |
|a DIRECTORIES.
|2 unbist
|
| 650 |
1 |
7 |
|a HEADS OF STATE.
|2 unbist
|
| 655 |
|
0 |
|a Electronic journals.
|
| 710 |
1 |
|
|a United States.
|b Central Intelligence Agency.
|b Directorate of Intelligence.
|
| 776 |
0 |
8 |
|i Print version:
|t Chiefs of State and Cabinet members of foreign governments
|x 0162-2951
|w (DLC) 78645126
|w (OCoLC)4124278
|
| 856 |
4 |
0 |
|z Full text available from Research Library: 01/02/2006 to 12/31/2006
|u https://search.proquest.com/publication/28415
|
| 856 |
4 |
0 |
|z Full text available from Research Library: 01/01/2008 to 09/05/2013
|u https://search.proquest.com/publication/28415
|